Localisation of multinational corporations in Singapore : an exploratory study /
Saved in:
| 主要作者: | |
|---|---|
| 格式: | 圖書 |
| 語言: | English |
| 出版: |
Singapore,
1989.
|
| 主題: | |
| 標簽: |
添加標簽
沒有標簽, 成為第一個標記此記錄!
|
| LEADER | 00791cam a2200241 a 4500 | ||
|---|---|---|---|
| 001 | u94694 | ||
| 003 | SIRSI | ||
| 008 | 910704s1989 us v 00 1 eng m | ||
| 035 | |a AAK-3463 | ||
| 040 | |a UMM | ||
| 043 | |a a-si--- | ||
| 090 | |a HD2903 |b Kul | ||
| 100 | 1 | 0 | |a Singh, Kulwant. |
| 245 | 1 | 0 | |a Localisation of multinational corporations in Singapore : |b an exploratory study / |c Kulwant Singh. |
| 260 | |a Singapore, |c 1989. | ||
| 300 | |a vii, 139 p. ; |c 30 cm. | ||
| 500 | |a Photocopy. | ||
| 504 | |a Bibliography: p. 132-139. | ||
| 650 | 0 | |a International business enterprises |z Singapore |x Case studies. | |
| 650 | 0 | |a Corporations, Foreign |z Singapore |x Case studies. | |
| 948 | |a 13/08/1991 |b 03/12/2002 | ||
| 596 | |a 1 | ||
| 999 | |a HD2903 KUL [F] |w LC |c 1 |i A010718477 |l STACKS |m P01UTAMA |r Y |s Y |t TESIS |u 24/10/1991 | ||
